000
00315nam a22001337a 4500
008
181008b xxu||||| |||| 00| 0 eng d
020
_a
9780077399993
041
_a
eng
080
_2
4th
_a
610
100
_a
4
101
_a
SHM
245
_a
Clinical Procedures for Medical Assisting
_c
Booth,K.A
942
_2
udc
_c
BK
999
_c
49032
_d
49032